Online Catalogue and eLibrary

Frenchliterary fascism : (Record no. 3401)

MARC details
000 -LEADER
fixed length control field 00517nam a2200181Ia 4500
005 - DATE AND TIME OF LATEST TRANSACTION
control field 20241218053250.0
008 - FIXED-LENGTH DATA ELEMENTS--GENERAL INFORMATION
fixed length control field 240331s9999 xx 000 0 und d
020 ## - INTERNATIONAL STANDARD BOOK NUMBER
ISBN 0691058466
082 ## - DDC Classification
Item Number - Author Mark Car
Class No. 840
100 ## - MAIN ENTRY--PERSONAL NAME
Personal name Carroll, D
245 #0 - TITLE STATEMENT
Title Frenchliterary fascism :
Remainder of title nationalism, anti-semitism, and the ideology of culture
260 ## - PUBLICATION, DISTRIBUTION, ETC.
Place of publication, distribution, etc. New jersey
Name of publisher, distributor, etc. princeton university press
Date of publication, distribution, etc. 1995
300 ## - PHYSICAL DESCRIPTION
Extent (e.g. Volumes, Pages etc.) viii, 299 p .,
650 ## - SUBJECT ADDED ENTRY--TOPICAL TERM
Topical term or geographic name entry element Nationalisum
650 ## - SUBJECT ADDED ENTRY--TOPICAL TERM
Topical term or geographic name entry element Anti-Semitism
650 ## - SUBJECT ADDED ENTRY--TOPICAL TERM
Topical term or geographic name entry element Ideology of Culture
942 ## - Koha item type (Biblio)
Koha item type Books in Stacks (Lending)
Holdings
Lost status Damaged status Collection code Home library Current library Shelving location Date acquired Full call number Accession Number Item type
    Lending WERC Library WERC Library Social Science Cupboard 03/31/2024 840.9 Car 2721 Books in Stacks (Lending)

© WERC Library